2022 Atlanta Braves Opening Day Roster - Statistics

General Stats
  • This quiz has been taken 170 times
  • The average score is 17 of 28
Answer Stats
Position Answer % Correct
SP Max Fried
97%
2B Ozzie Albies
95%
1B Matt Olson
93%
3B Austin Riley
91%
SS Dansby Swanson
88%
C Travis d'Arnaud
83%
SP Charlie Morton
82%
LF/DH Marcell Ozuna
80%
SP Spencer Strider
75%
RF Eddie Rosario
74%
C William Contreras
69%
SP Ian Anderson
68%
CF Adam Duvall
65%
SP Kyle Wright
65%
CP Kenley Jansen
64%
RP A.J. Minter
62%
RP Tyler Matzek
59%
UTL Orlando Arcia
58%
RP Will Smith
56%
OF Guillermo Heredia
44%
SP Huascar Ynoa
35%
C Manny Piña
33%
OF/DH Alex Dickerson
31%
RP Colin McHugh
27%
SP Tucker Davidson
26%
RP Sean Newcomb
22%
RP Darren O'Day
19%
RP Tyler Thornburg
12%
No matching quizzes found
Score Distribution
Percent of People with Each Score
Percentile by Number Answered
Your Score History
You have not taken this quiz